000 00649nam a2200193Ia 4500
008 151121s9999||||xx |||||||||||||| ||und||
082 _a920/जोंधळे
082 _bHNW-114130
100 _aजोंधळे इंदुमती
245 _aबिनपटाची चौकट
260 _b"अनुबंध प्रकाशन, पुणे।"
260 _c2013
300 _a224
600 _aजोंधळे इंदुमती
630 _aबिनपटाची चौकट
700 _aजोंधळे इंदुमती
730 _aबिनपटाची चौकट
942 _cBOOK
999 _c1263167
_d1263164